| 000 | 04609cam a2201201 a 4500 | ||
|---|---|---|---|
| 003 | PE-LiUPU | ||
| 005 | 20250813185709.0 | ||
| 008 | 070126s2007 dcua b i001 0 eng d | ||
| 010 | _a 2007362096 | ||
| 020 | _a9780821367513 | ||
| 020 | _a0821367528 (eISBN) | ||
| 020 | _a9780821367520 (eISBN) | ||
| 040 |
_aPE-LiUPU _cPE-LiUPU _beng _erda |
||
| 050 | 0 | 0 |
_aLC1085 _b.H683 2007 |
| 082 |
_223 _a378.007 _bH847 |
||
| 245 | 0 | 0 |
_aHow universities promote economic growth / _ceditado por Shahid Yusuf y Kaoru Nabeshima. |
| 264 |
_aWashington, D.C. : _bWorld Bank, _c2007. |
||
| 300 |
_a 286 páginas : _bilustrado ; _c23 centímetros. |
||
| 490 | 1 | _a(Directions in development. Human development) | |
| 504 | _aIncludes bibliographical references and index. | ||
| 505 | 0 | 0 | _tUniversity-industry links : policy dimensions -- UIL-related policies of national governments -- University-industry knowledge transfer in Switzerland -- University-industry links and U.K. science and innovation policy -- Universities and public research institutions as drivers of economic development in Asia -- UIL-related policies of national governments : a synthetic view -- UIL-related policies of subnational governments -- University-industry links in the Japanese context : between policies and practice -- University-industry links : regional policies and initiatives in the United Kingdom -- University-industry research collaboration and technology transfer in the United States since 1980 -- UIL-related policies of universities -- Building research universities for knowledge transfer : the case of China -- University-industry links and enterprise creation in India : some strategic and policy issues -- The entrepreneurial university : the idea and its critics -- Corporate strategies of multinational corporations and small and medium enterprises -- Beyond absorptive capacity : the management of technology for a proactive corporate strategy toward university-industry links -- Corporate strategies in university-industry links in France -- Specific approaches to university-industry links of selected companies in Thailand and their relative effectiveness -- |
| 520 | 3 | _aWith the competitiveness of firms in an open and integrated world environment increasingly reliant on technological capability, universities are being asked to take on a growing role in stimulating economic growth. Beyond imparting education, they are now viewed as sources of industrially valuable technical skills, innovations, and entrepreneurship. Developed and developing countries alike have made it a priority to realize this potential of universities to spur growth, a strategy that calls for coordinated policy actions. | |
| 526 | _aP202 | ||
| 526 | _aP201 | ||
| 526 | _aP163 | ||
| 526 | _aP162 | ||
| 526 | _aP161 | ||
| 526 | _aP160 | ||
| 526 | _aP148 | ||
| 526 | _aP147 | ||
| 526 | _aP146 | ||
| 526 | _aP145 | ||
| 526 | _aP144 | ||
| 526 | _aP143 | ||
| 526 | _aP142 | ||
| 526 | _aP141 | ||
| 526 | _aP140 | ||
| 526 | _aP139 | ||
| 526 | _aP138 | ||
| 526 | _aP137 | ||
| 526 | _aP136 | ||
| 526 | _aP135 | ||
| 526 | _aP134 | ||
| 526 | _aP133 | ||
| 526 | _aP129 | ||
| 526 | _aP128 | ||
| 526 | _aP127 | ||
| 526 | _aP120 | ||
| 526 | _aP119 | ||
| 526 | _aP118 | ||
| 526 | _aP116 | ||
| 526 | _aP115 | ||
| 526 | _aP114 | ||
| 526 | _aP110 | ||
| 526 | _aP109 | ||
| 526 | _aP108 | ||
| 526 | _aP104 | ||
| 526 | _aP103 | ||
| 526 | _aP102 | ||
| 526 | _aP99 | ||
| 526 | _aP98 | ||
| 526 | _aP97 | ||
| 526 | _aP96 | ||
| 526 | _aP95 | ||
| 526 | _aP93 | ||
| 526 | _aP90 | ||
| 526 | _aP89 | ||
| 526 | _aP88 | ||
| 526 | _aP83 | ||
| 526 | _aP82 | ||
| 526 | _aP62 | ||
| 526 | _aP59 | ||
| 526 | _aP58 | ||
| 526 | _aP57 | ||
| 526 | _aP51 | ||
| 526 | _aP49 | ||
| 526 | _aP48 | ||
| 526 | _aP47 | ||
| 526 | _aP29 | ||
| 526 | _aP24 | ||
| 526 | _aP20 | ||
| 526 | _aP19 | ||
| 526 | _aP17 | ||
| 526 | _aP15 | ||
| 526 | _aP14 | ||
| 526 | _aP12 | ||
| 526 | _aP10 | ||
| 526 | _aP09 | ||
| 526 | _aP08 | ||
| 526 | _aP07 | ||
| 526 | _aP06 | ||
| 526 | _aP05 | ||
| 526 | _aP04 | ||
| 526 | _aP01 | ||
| 650 | 1 | 4 |
_aCooperación Universidad-Industria. _94101 |
| 650 | 2 | 4 |
_aDesarrollo educativo _94102 |
| 650 | 2 | 4 |
_aPolítica de educación superior _94103 |
| 650 | 2 | 4 |
_aUniversidades _xAspectos económicos _91051 |
| 700 | 1 |
_aYusuf, Shahid, _d1949- _eeditor. |
|
| 700 | 1 |
_aNabeshima, Kaoru. _eeditor. |
|
| 942 |
_2ddc _cBK _n0 |
||
| 980 |
_618228 _aChristian Lazo Analista Documental _81 _gALBERTO SANCHEZ Responsable de Automatización |
||
| 999 |
_c62449 _d62448 |
||